Guía histórica y artística del Monasterio de Poblet / (Record no. 164406)
[ view plain ]
| 000 -LEADER | |
|---|---|
| campo de control de longitud fija | 01036nam a2200229 i 4500 |
| 001 - NÚMERO DE CONTROL | |
| campo de control | 164406 |
| 003 - IDENTIFICADOR DE NÚMERO DE CONTROL | |
| campo de control | ES-MaACL |
| 005 - FECHA Y HORA DE LA ÚLTIMA TRANSACCIÓN | |
| campo de control | 20241027193154.0 |
| 008 - DATOS DE LONGITUD FIJA--INFORMACIÓN GENERAL | |
| campo de control de longitud fija | 990531s1893 sp a |||| | spa d |
| 080 ## - NÚMERO DE LA CLASIFICACIÓN DECIMAL UNIVERSAL | |
| Número de la Clasificación Decimal Universal | 726.71(460.237 Poblet) |
| 100 1# - ENTRADA PRINCIPAL--NOMBRE DE PERSONA | |
| Nombre de persona | Salas Ricomá, Ramón. |
| 9 (RLIN) | 132318 |
| 245 10 - MENCIÓN DEL TÍTULO | |
| Título | Guía histórica y artística del Monasterio de Poblet / |
| Mención de responsabilidad, etc. | por Ramón Salas Ricomá. |
| 260 ## - PUBLICACIÓN, DISTRIBUCIÓN, ETC. | |
| Lugar de publicación, distribución, etc. | Tarragona : |
| Nombre del editor, distribuidor, etc. | [s.n.], |
| Fecha de publicación, distribución, etc. | 1893 ( |
| Fabricante | Establecimiento Tipográfico de F. Arís é hijo) |
| 300 ## - DESCRIPCIÓN FÍSICA | |
| Extensión | 122 p. [2] p., [1] plano fot. : |
| Otras características físicas | il. ; |
| Dimensiones | 24 cm. |
| 490 1# - MENCIÓN DE SERIE | |
| Mención de serie | Monumentos históricos y artísticos de la provincia de Tarragona |
| 610 2# - PUNTO DE ACCESO ADICIONAL DE MATERIA--NOMBRE DE ENTIDAD CORPORATIVA | |
| Nombre de entidad corporativa o nombre de jurisdicción como elemento de entrada | Monasterio de Santa María de Poblet. |
| 9 (RLIN) | 5752 |
| 650 #4 - PUNTO DE ACCESO ADICIONAL DE MATERIA--TÉRMINO DE MATERIA | |
| Término de materia o nombre geográfico como elemento de entrada | Monasterios- |
| Subdivisión geográfica | Cataluña. |
| 9 (RLIN) | 140508 |
| 830 0# - PUNTO DE ACCESO ADICIONAL DE SERIE-TÍTULO UNIFORME | |
| Título uniforme | Monumentos históricos y artísticos de la provincia de Tarragona |
| 9 (RLIN) | 222349 |
| 852 ## - LOCALIZACIÓN | |
| Ubicación | ES-MaACL |
| Número de control de estantería | T-1470-F-5 |
| Nota libre | . - Enc. hol., conservando la enc. original |
| Encuadernación | - T596: En el pie de imp. de cub. consta la fecha de 1894 -..T490: La serie consta en cub. |
| 942 ## - ELEMENTOS DE ENTRADA SECUNDARIOS (KOHA) | |
| Fuente del sistema de clasificación o colocación | Clasificación decimal universal |
| Estatus retirado | Estado de pérdida | Fuente del sistema de clasificación o colocación | Estado de daño | No para préstamo | Colección | Biblioteca de origen | Biblioteca actual | Ubicación en estantería | Fecha de adquisición | Total de préstamos | Signatura topográfica completa | Código de barras | Visto por última vez | Precio de reemplazo | Tipo de ítem Koha |
|---|---|---|---|---|---|---|---|---|---|---|---|---|---|---|---|
| Clasificación decimal universal | Colección de folletos | Biblioteca del Ateneo de Madrid | Biblioteca del Ateneo de Madrid | Depósito folletos | 17/01/2008 | T-1470-F-5 | 1172324 | 23/02/2023 | 23/02/2023 | Folleto |
